Governors of Oregon - Statistics

General Stats
  • This quiz has been taken 5 times
  • The average score is 16 of 39
Answer Stats
Hint Answer % Correct
2015-2023 Kate Brown
100%
2023- Tina Kotek
100%
1959-1967 Mark Hatfield
75%
1991-1995 Barbara Roberts
50%
1935-1939 Charles Martin
50%
1943-1947 Earl Snell
50%
1956-1957 Elmo Smith
50%
1866-1870 George Lemuel Woods
50%
1915-1919 James Withycombe
50%
1910-1911 Jay Bowerman
50%
1947-1949 John Hubert Hall
50%
1995-2003 John Kitzhaber
50%
2011-2015 John Kitzhaber
50%
1858-1862 John Whiteaker
50%
1931-1935 Julius Meier
50%
1911-1915 Oswald West
50%
1887-1895 Sylvester Pennoyer
50%
2003-2011 Ted Kulongoski
50%
1899-1903 Theodore Thurston Geer
50%
1967-1975 Tom McCall
50%
1979-1987 Victor Atiyeh
50%
1923-1927 Walter M. Pierce
50%
1862-1866 A. C. Gibbs
25%
1929-1931 Albin Walter Norblad Sr.
25%
1919-1923 Ben W. Olcott
25%
1939-1943 Charles A. Sprague
25%
1949-1952 Douglas McKay
25%
1909-1910 Frank W. Benson
25%
1903-1909 George Earl Chamberlain
25%
1927-1929 I. L. Patterson
25%
1870-1877 La Fayette Grover
25%
1987-1991 Neil Goldschmidt
25%
1952-1956 Paul L. Patterson
25%
1957-1959 Robert D. Holmes
25%
1877-1878 Stephen F. Chadwick
25%
1895-1899 William Paine Lord
25%
1878-1882 W. W. Thayer
25%
1882-1887 Zenas Ferry Moody
25%
1975-1979 Robert W. Straud
0%
No matching quizzes found
Score Distribution
Percent of People with Each Score
Percentile by Number Answered
Your Score History
You have not taken this quiz